| 000 | 01048nam a2200181 4500 | ||
|---|---|---|---|
| 005 | 20251208101901.0 | ||
| 008 | 251208b |||||||| |||| 00| 0 eng d | ||
| 020 | _a9781470425890 | ||
| 037 | _cTextual | ||
| 040 |
_aRTL _cRTL |
||
| 084 | _qRTL | ||
| 100 |
_aBressan, Alberto _9855038 |
||
| 245 | _aLecture notes on functional analysis: With applications to linear partial differential equations | ||
| 260 |
_aIsland _bAmerican Mathematical Society _c2013 |
||
| 300 |
_axii, 250 p. _bIncludes bibliographical reference and index |
||
| 520 | _aThe book is intentionally concise, presenting all the fundamental concepts and results but omitting the more specialized topics. Enough of the theory of Sobolev spaces and semigroups of linear operators is included as needed to develop significant applications to elliptic, parabolic, and hyperbolic PDEs. Throughout the book, care has been taken to explain the connections between theorems in functional analysis and familiar results of finite-dimensional linear algebra. | ||
| 942 |
_2CC _n0 _cTEXL |
||
| 999 |
_c1466008 _d1466008 |
||